000 00685nam a2200253Ia 4500
003 OSt
005 20220918220941.0
006 a|||||r|||| 00| 0
007 ta
008 220917b |||||||| |||| 00| 0 eng d
024 _a147,544
037 _cTextual
040 _aARTS
_cARTS
_beng
041 _2eng
_aeng
082 _aY58, L9
100 _aKinloch Graham C
_9131967
245 0 _aSociology of minority group relations
260 _aEnglewood
_bCliffs Prentice Hall
_c1979
300 _axi, 239p.
_ccm.
490 _aPrentice Hall series in sociology
650 _aSOCIOLOGY
942 _hY58, L9
_cTEXL
_2CC
999 _c270283
_d270283